| 000 | 00761nam a22001337a 4500 | ||
|---|---|---|---|
| 040 | _cRUA | ||
| 082 | _aAGR SNG 2017 B630 Or.1 | ||
| 100 | _aSNGUON SAIYA,ស្ងួន សៃយ៉ា | ||
| 245 | _a៌ឥទ្ឌិពលនៃការប្រើប្រាស់ផ្សិតជីវសាស្រ្តទ្រីកូឌឹម៉ានិងថ្នាំគីមីនៅលើជំងឺរលួយគល់ល់ដំណាំខាត់ណា effective of Trichhoderma harzianum AS biological and fungicide for controlling damping off on chinese kale | ||
| 260 |
_aRUA _bPHNOM PENH _c2017 |
||
| 300 |
_axii;41p _bill; _c29cm |
||
| 856 | _uhttps://drive.google.com/file/d/1yn33N8CYow2-8FUefiKYq1mIxveIZHK3/view?usp=sharing | ||
| 942 | _cAGR | ||
| 999 |
_c17890 _d17890 |
||